000 00475nam a2200193 a 4500
001 1766566528813
003 YourLibrary
005 20251226115023.0
008 251224s2000##################000#0#eng##
020 _a9780877887324
082 0 4 _a291
_bDOC
100 1 _aDockrey, Karen,
_eauthor.
245 1 0 _aSpiritual Gifts :
260 _bShaw Books,
_c2000.
300 _a66 pages
650 0 _aReligion.
942 _cENGLISH
040 _aYourLibrary
_beng
_cYourLibrary
999 _c604778
_d604778